Environmental risk analysis

में बचाया:
ग्रंथसूची विवरण
मुख्य लेखक: Lanerche, Ian
स्वरूप: पुस्तक
भाषा:Undetermined
प्रकाशित: New York, NY McGraw-Hill 2001
विषय:
टैग : टैग जोड़ें
कोई टैग नहीं, इस रिकॉर्ड को टैग करने वाले पहले व्यक्ति बनें!
Thư viện lưu trữ: Trung tâm Học liệu Trường Đại học Cần Thơ
LEADER 00522nam a2200193Ia 4500
001 CTU_65511
008 210402s9999 xx 000 0 und d
020 |c 72.35 
082 |a 333.714 
082 |b L614 
100 |a Lanerche, Ian 
245 0 |a Environmental risk analysis 
245 0 |c Lan Lerche, Evan K. Paleologos 
260 |a New York, NY 
260 |b McGraw-Hill 
260 |c 2001 
650 |a Environmental risk assessment 
904 |i TUYẾN 
980 |a Trung tâm Học liệu Trường Đại học Cần Thơ